<?xml version="1.0" encoding="UTF-8"?><?xml-stylesheet type="text/xsl" href="static/style.xsl"?><OAI-PMH xmlns="http://www.openarchives.org/OAI/2.0/" xmlns:xsi="http://www.w3.org/2001/XMLSchema-instance" xsi:schemaLocation="http://www.openarchives.org/OAI/2.0/ http://www.openarchives.org/OAI/2.0/OAI-PMH.xsd"><responseDate>2026-06-07T16:09:30Z</responseDate><request verb="GetRecord" identifier="oai:docta.ucm.es:20.500.14352/98617" metadataPrefix="marc">https://docta.ucm.es/rest/oai/request</request><GetRecord><record><header><identifier>oai:docta.ucm.es:20.500.14352/98617</identifier><datestamp>2025-02-21T00:54:03Z</datestamp><setSpec>com_20.500.14352_14</setSpec><setSpec>col_20.500.14352_15</setSpec></header><metadata><record xmlns="http://www.loc.gov/MARC21/slim" xmlns:dcterms="http://purl.org/dc/terms/" xmlns:xsi="http://www.w3.org/2001/XMLSchema-instance" xmlns:doc="http://www.lyncode.com/xoai" xsi:schemaLocation="http://www.loc.gov/MARC21/slim http://www.loc.gov/standards/marcxml/schema/MARC21slim.xsd">
   <leader>00925njm 22002777a 4500</leader>
   <datafield ind2=" " ind1=" " tag="042">
      <subfield code="a">dc</subfield>
   </datafield>
   <datafield ind2=" " ind1=" " tag="720">
      <subfield code="a">Escandell Vidal, María Victoria</subfield>
      <subfield code="e">author</subfield>
   </datafield>
   <datafield ind2=" " ind1=" " tag="720">
      <subfield code="a">Vilinbakhova, Elena </subfield>
      <subfield code="e">author</subfield>
   </datafield>
   <datafield ind2=" " ind1=" " tag="260">
      <subfield code="c">2020</subfield>
   </datafield>
   <datafield ind2=" " ind1=" " tag="520">
      <subfield code="a">Being always true by their very form, tautologies should be uninformative; however, they are felicitously used to evoke some sort of shared knowledge. In this paper we explore the varieties of knowledge speakers and hearers can resort to in interpreting nominal tautologies. Our examples show that different dimensions of knowledge (encyclopaedic vs. metalinguistic, normative vs. descriptive, and common vs. local) can combine in different ways in the interpretation of tautologies, and that these combinations fit in well with existing classifications of tautologies in the literature. Tautologies serve an argumentative function by invoking general knowledge as a means to justify a certain behaviour, but they also can have the opposite interpretation: when they are used as replies to informationseeking questions, they can only be interpreted as refusals.</subfield>
   </datafield>
   <datafield ind1="8" ind2=" " tag="024">
      <subfield code="a">Elena Vilinbakhova, Victoria Escandell-Vidal, Interpreting nominal tautologies: Dimensions of knowledge and genericity, Journal of Pragmatics, Volume 160, 2020, Pages 97-113, ISSN 0378-2166, https://doi.org/10.1016/j.pragma.2020.01.014.</subfield>
   </datafield>
   <datafield ind1="8" ind2=" " tag="024">
      <subfield code="a">0378-2166</subfield>
   </datafield>
   <datafield ind1="8" ind2=" " tag="024">
      <subfield code="a">10.1016/j.pragma.2020.01.014</subfield>
   </datafield>
   <datafield ind1="8" ind2=" " tag="024">
      <subfield code="a">https://hdl.handle.net/20.500.14352/98617</subfield>
   </datafield>
   <datafield ind1="8" ind2=" " tag="024">
      <subfield code="a">1879-1387</subfield>
   </datafield>
   <datafield ind1="8" ind2=" " tag="024">
      <subfield code="a">https://doi.org/10.1016/j.pragma.2020.01.014</subfield>
   </datafield>
   <datafield ind2="0" ind1="0" tag="245">
      <subfield code="a">Interpreting nominal tautologies: Dimensions of knowledge and genericity</subfield>
   </datafield>
</record></metadata></record></GetRecord></OAI-PMH>